Game of Thrones Trivia - Statistics

General Stats
  • This quiz has been taken 387 times
  • The average score is 9 of 15
Answer Stats
Hint Answer % Correct
Who Samwell Tarly is in love with Gilly
95%
Roose's bastard Ramsay
83%
Tyrion's sellsword Bronn
78%
Name of Loras's grandmother Olenna Tyrell
77%
Jojen's sister Meera
69%
Elia Martell's husban Rhaegar
65%
Number of Ned Stark's siblings four
61%
Once said 'Chaos is a ladder' Petyr Baelish
60%
Jon Snow's sword Longclaw
58%
Daenerys's child Rhaego
53%
Another term for wildling Freefolk
45%
Talisa is from here Volantis
39%
A common saying in the Iron Islands What is dead may never die
39%
Tommen's cat's name Ser Pounce
38%
This kind of person can enter the minds of animals Wargs
17%
No matching quizzes found
Score Distribution
Percent of People with Each Score
Percentile by Number Answered
Your Score History
You have not taken this quiz